000
00304nam a22001337a 4500
008
181101b xxu||||| |||| 00| 0 eng d
020
_a
9780495115663
041
_a
eng
080
_2
5th
_a
316
100
_a
50
101
_a
SOC
245
_a
Research Methods in Social Work
_c
Royse,D
942
_2
udc
_c
BK
999
_c
51447
_d
51447